00301nam a2200121Ia 4500008004100000082001600041100001800057245003700075250000900112260003200121300001100153650001500164150201s2008 xx 000 0 und d a618.1bT08R aROCK, JHON A. aTE LINDE,S OPERATIVE GYNAECOLOGY a10TH bWOLTERS KLUWERaINDIAc2008 a1-1449 aGYNECOLOGY